Catálogo
 En Linea

Iglesia y Sociedad en la España del siglo XX : (Registro nro. 41012)

Detalles MARC
000 -CABECERA
campo de control de longitud fija 00848nam a2200205 a 4500
001 - NÚMERO DE CONTROL
campo de control 000041522
005 - FECHA Y HORA DE LA ÚLTIMA TRANSACCIÓN
campo de control 20201002035624.0
008 - DATOS DE LONGITUD FIJA--INFORMACIÓN GENERAL
campo de control de longitud fija 131009s1987 sp 000 0 spa d
020 ## - NÚMERO INTERNACIONAL ESTÁNDAR DEL LIBRO
Número Internacional Estándar del Libro 8400065549(v.1)
020 ## - NÚMERO INTERNACIONAL ESTÁNDAR DEL LIBRO
Número Internacional Estándar del Libro 8400066626(v.2)
040 ## - FUENTE DE LA CATALOGACIÓN
Centro catalogador/agencia de origen DO-SdBNP
Lengua de catalogación spa
Centro/agencia transcriptor BNPHU
100 1# - ENTRADA PRINCIPAL--NOMBRE DE PERSONA
Nombre de persona Aldea Vaquero, Quintín
9 (RLIN) 68022
245 10 - MENCIÓN DE TÍTULO
Título Iglesia y Sociedad en la España del siglo XX :
Resto del título catolicismo social (1909 - 1940). 1, 1909 - 1917 /
Mención de responsabilidad, etc. Quintín Aldea Vaquero, Joaquín García Granda, Jesús Martín Tejedor.
260 ## - PUBLICACIÓN, DISTRIBUCIÓN, ETC.
Lugar de publicación, distribución, etc. Madrid :
Nombre del editor, distribuidor, etc. Consejo Superior de Investigaciones Científicas (Espña),
Fecha de publicación, distribución, etc. 1987.
300 ## - DESCRIPCIÓN FÍSICA
Extensión v. ;
Dimensiones 24 cm.
505 0# - NOTA DE CONTENIDO CON FORMATO
Nota de contenido con formato v. 1
Título 1909-1917
Información miscelánea v. 2
Título 1918- 1920
500 ## - NOTA GENERAL
Nota general Incluye referencias bibliográficas y notas al pie de las páginas
700 1# - PUNTO DE ACCESO ADICIONAL--NOMBRE DE PERSONA
Nombre de persona García Granda, Joaquín,
9 (RLIN) 68246
700 1# - PUNTO DE ACCESO ADICIONAL--NOMBRE DE PERSONA
Nombre de persona Martín Tejedor, Jesús,
9 (RLIN) 68247
Existencias
Estado de retiro Estado de pérdida Restricciones de uso No para préstamo Código de colección Localización permanente Ubicación/localización actual Ubicación en estantería Fecha de adquisición Número de inventario Total de préstamos Signatura topográfica completa Código de barras Fecha visto por última vez Precio válido a partir de Tipo de ítem Koha
      Excluido de préstamo Monografías: Libros y Folletos General General En catalogación 09.10.2013 LF1   v. 2 41522-10 25.06.2020 25.06.2020 No se presta
      Excluido de préstamo Monografías: Libros y Folletos General General En catalogación 09.10.2013 LF1   v.1 41522-20 25.06.2020 25.06.2020 No se presta

Con tecnología Koha